| 000 | 00522nam a2200193 i 4500 | ||
|---|---|---|---|
| 001 | 67664 | ||
| 003 | ES-MaACL | ||
| 005 | 20230906170127.0 | ||
| 007 | t| | ||
| 008 | 040609s2004 sp ||||1| spa d | ||
| 020 | _a84-96077-33-0 | ||
| 080 | _a821.134.2-94"20" | ||
| 100 | 1 |
_aPasanau, Irene. _989304 |
|
| 245 | 1 | 3 |
_aEl éxito de mi voluntad / _cIrene Pasanau. |
| 250 | _a1ª ed. | ||
| 260 |
_aMadrid : _bEdiciones Letra Clara, _c2004. |
||
| 300 |
_a166 p. : _bil. ; _c21 cm. |
||
| 852 |
_aES-MaACL _jL-27864 _bR.133529 |
||
| 999 |
_c67664 _d67664 |
||